Central Library OPAC University of Rajshahi

Reforming the revolution : (Record no. 63957)

MARC details
000 -LEADER
fixed length control field 00877nam a2200277 a 4500
001 - CONTROL NUMBER
control field 63957
003 - CONTROL NUMBER IDENTIFIER
rucl marc code BD-RjUL
005 - DATE AND TIME OF LATEST TRANSACTION
control field 20211209081245.0
008 - FIXED-LENGTH DATA ELEMENTS--GENERAL INFORMATION
fixed length control field 170206s1988 chi b 001 0 eng
020 ## - INTERNATIONAL STANDARD BOOK NUMBER
International Standard Book Number 0256071276 (pbk.)
International Standard Book Number 0256071268
035 ## - SYSTEM CONTROL NUMBER
System control number (BD-RjUL)64087
040 ## - CATALOGING SOURCE
Original cataloging agency DLC
Transcribing agency DLC
Modifying agency BD-RjUL
Language of cataloging eng
041 ## - LANGUAGE CODE
Language code of text/sound track or separate title eng
082 00 - DEWEY DECIMAL CLASSIFICATION NUMBER
Classification number 951.057
Edition number 23
Author mark and year REF 1988
245 10 - TITLE STATEMENT
Title Reforming the revolution :
Remainder of title China in transition /
Statement of responsibility, etc. edited by Robert Benewick and Paul Wingrove.
260 ## - PUBLICATION, DISTRIBUTION, ETC. (IMPRINT)
Place of publication, distribution, etc. Chicago, IL :
Name of publisher, distributor, etc. Dorsey Press,
Date of publication, distribution, etc. c1988.
300 ## - PHYSICAL DESCRIPTION
Pagination vii, 255 p. ;
Size 22 cm.
500 ## - GENERAL NOTE
General note Includes index.
504 ## - BIBLIOGRAPHY, ETC. NOTE
Bibliography, etc Bibliography: p. 243-251.
651 #0 - SUBJECT ADDED ENTRY--GEOGRAPHIC NAME
Geographic name China
General subdivision Politics and government
Chronological subdivision 1976-2002.
9 (RLIN) 189920
Geographic name China
General subdivision Economic conditions
Chronological subdivision 1976-2000.
9 (RLIN) 189921
700 1# - ADDED ENTRY--PERSONAL NAME
Personal name Benewick, Robert.
Personal name Wingrove, Paul.
942 ## - ADDED ENTRY ELEMENTS (KOHA)
Source of classification or shelving scheme Dewey Decimal Classification
Koha item type Books
Holdings
Lost status Source of classification or shelving scheme Damaged status Not for loan Collection code Permanent Location Current Location Shelving location Date acquired Source of acquisition Total Checkouts Full call number Date last seen Copy number Koha item type
  Dewey Decimal Classification   Not For Loan Non-fiction Central Library, University of Rajshahi Central Library, University of Rajshahi Reading Room 21/09/1992 Asia foundation   951.057 REF 1988 06/02/2017 C-1 Books